| 000 | 00536nam a2200217Ia 4500 | ||
|---|---|---|---|
| 003 | OSt | ||
| 005 | 20241023052900.0 | ||
| 008 | 240925s9999 xx 000 0 und d | ||
| 020 | _aNA | ||
| 040 | _cdf | ||
| 082 | _a750 KER | ||
| 100 | _aLi Keran - | ||
| 245 | 0 | _aChinese Painting The Man & His Art | |
| 250 | _aNA | ||
| 260 |
_aWorcester: _bLittlebury & Company _c,1998. |
||
| 300 |
_a170p. _bNA _fOriginal |
||
| 500 | _aIncludes Illestration | ||
| 600 | _aHumanities & Natural Science | ||
| 650 | _aPaintings | ||
| 942 |
_cBK _2ddc |
||
| 999 |
_c2934 _d2934 |
||